02011nam a2200541 i 45000010005000000030009000050050017000140080039000310150018000700350023000880350036001110350014001470350021001610350023001820350044002050400028002490460009002770800008002860800009002941000047003032450095003502460055004452600055005003000038005553360027005933370054006203380028006743800016007023800023007183800027007413850039007683880014008073880014008215040012008355210173008476500022010206500025010426500022010676550017010896580011011067000045011177000043011627000059012057000036012647000032013007100040013328560097013727759KOSZ 00520201021140233.0201021s1966 pl a f 001 0 pol aUWD 1966/6948 a991037777099705066 a(PL-WaBN)b20125239-48omnis_nlop ab20125239 a(OCoLC)749160875 a(PL)b0000002012523 a(EXLNZ-48OMNIS_NETWORK)9910395760005606 aWA NcWA NdKOSZ 005/RW k1962 a547 a(07)1 aFuson, Reynold Claytond(1895-1979)eAutor10aReakcje związków organicznych /cReynold C. Fuson ; tłumaczyli Daniela Buza [et al.].1 iTytuł oryginału:aReactions of organic compounds aWarszawa :bWydawnictwa Naukowo-Techniczne,c1966. a781 stron :bilustracje ;c25 cm. aTekstbtxt2rdacontent aBez urządzenia pośredniczącegobn2rdamedia aWoluminbnc2rdacarrier aKsiążki aPublikacje fachowe aPublikacje dydaktyczne mPoziom nauczaniaaSzkoły wyższe1 a1901-20001 a1945-1989 aIndeks.8 aPraca jest przeznaczona dla słuchaczy wyższych uczelni specjalizujących się w syntezie organicznej oraz dla pracowników naukowych i chemików-organików.  7aChemia organiczna 7aZwiązki organiczne 7aReakcje chemiczne 7aPodręcznik aChemia1 aBuza, Danielad(1930-2008)eTłumaczenie1 aDeles, Jadwigad(1918- )eTłumaczenie1 aKamieńska-Trela, Krystynad(1938-2015)eTłumaczenie1 aPorowska, NataliaeTłumaczenie1 aPrejzner, JaneTłumaczenie2 aWydawnictwa Naukowo-Techniczne4pbl uhttp://koha.tu.koszalin.pl/cgi-bin/koha/opac-detail.pl?biblionumber=7759yKatalog online BPK